Am Rande der Fotografie : Eine Medialitätsgeschichte des Fotogramms Im 19. Jahrhundert.

Bibliographic Details
Main Author: Steidl, Katharina.
Format: eBook
Language:German
Published: Berlin/Boston : Walter de Gruyter GmbH, 2018.
Edition:1st ed.
Subjects:
Online Access:Click to View
LEADER 01488nam a22003613i 4500
001 EBC7015194
003 MiAaPQ
005 20231204023225.0
006 m o d |
007 cr cnu||||||||
008 231204s2018 xx o ||||0 ger d
020 |a 9783110569070  |q (electronic bk.) 
020 |z 9783110567809 
035 |a (MiAaPQ)EBC7015194 
035 |a (Au-PeEL)EBL7015194 
035 |a (OCoLC)1076417818 
040 |a MiAaPQ  |b eng  |e rda  |e pn  |c MiAaPQ  |d MiAaPQ 
082 0 |a 526.98209034 
100 1 |a Steidl, Katharina. 
245 1 0 |a Am Rande der Fotografie :  |b Eine Medialitätsgeschichte des Fotogramms Im 19. Jahrhundert. 
250 |a 1st ed. 
264 1 |a Berlin/Boston :  |b Walter de Gruyter GmbH,  |c 2018. 
264 4 |c {copy}2019. 
300 |a 1 online resource (408 pages) 
336 |a text  |b txt  |2 rdacontent 
337 |a computer  |b c  |2 rdamedia 
338 |a online resource  |b cr  |2 rdacarrier 
588 |a Description based on publisher supplied metadata and other sources. 
590 |a Electronic reproduction. Ann Arbor, Michigan : ProQuest Ebook Central, 2023. Available via World Wide Web. Access may be limited to ProQuest Ebook Central affiliated libraries.  
655 4 |a Electronic books. 
776 0 8 |i Print version:  |a Steidl, Katharina  |t Am Rande der Fotografie  |d Berlin/Boston : Walter de Gruyter GmbH,c2018  |z 9783110567809 
797 2 |a ProQuest (Firm) 
856 4 0 |u https://ebookcentral.proquest.com/lib/matrademy/detail.action?docID=7015194  |z Click to View